Statystyki dla Podaj Prawidłową Odpowiedź Zaczynającą się od Liter JETPUNK

Kliknij tutaj aby rozwiązać quiz!

Ogólne statystyki

  • Ten quiz został rozwiązany 25 razy
  • Średni wynik to 14 z 32

Statystyki odpowiedzi

KategoriaLiteraOdpowiedż% Poprawnych
PaństwaJaponia|Jamajka|
Jemen|Jordania
J✔ (4)
100%
PanstwaTadżykistan|
Tajlandia|
Tajwan|
Tanzania|
Togo|
Tonga|
Trynidad i Tobago|
Tunezja|
Turcja|
Turkmenistan|
Tuvalu
T✔ (11)
96%
PaństwaEgipt|
Ekwador|
Erytrea|
Estonia|
Etiopia|
E✔ (5)
96%
PaństwaPakistan|
Palau|
Panama|
Papua Nowa Gwinea|
Paragwaj|
Peru|
Polska|
Południowa Afryka|
Portugalia|
P✔ (9)
96%
PaństwaUganda|
Ukraina|
Urugwaj|
Uzbekistan|
U✔ (4)
88%
PaństaKambodża|
Kamerun|
Kanada|
Katar|
Kazachstan|
Kenia|
Kirgistan|
Kiribati|
Kolumbia|
Komory|
Kongo|
Kosowo|
Kostaryka|
Kuba|
Kuwejt|
Korea Północna|
Korea Południowa|
K✔ (17)
79%
PaństwaNamibia|
Nauru|
Nepal|
Niemcy|
Niger|
Nigeria|
Nikaragua|
Norwegia|
Nowa Zelandia|
N✔ (9)
75%
StoliceTallinn|
Tirana|
Tyraspol|
Tajpej|
Taszkent|
Tbilisi|
Teheran|
Thimphu|
Tokio|
Trypolis|
Tunis|
T✔ (11)
67%
StoliceJamusukro|
Jaunde|
Jerozolima|
J
✔ (3)
63%
StoliceParyż|
Podgorica|
Praga|
Prisztina|
Port Louis|
Porto-Novo|
Praia|
Pretoria|
Pekin|
Phnom Penh|
Pjongjang|
Panama
P✔ (12)
58%
PierwiastkiJodJ✔ (1)
50%
StoliceKijów
Kiszyniów
Kopenhaga
Kair
Kapsztad
Kuala Lumpur
Kinszasa
Kingston
Katmandu
Afganistan Kabul
Kuwejt
Konakry
K✔ (12)
50%
Stany USATennessee|
Texas
T✔ (2)
46%
StoliceErywańE✔ (1)
38%
PierwiastkiUranU✔ (1)
38%
PierwiastkiTytan|Tor|TulT✔ (3)
38%
PierwiastkiKrzem|Kadan|Kiur|KalifornK✔ (4)
38%
StoliceNaypyidaw|
Nikozja|
Nowe Delhi|
Nairobi|
Nawakszut|
Ndżamena|
Niamey|
N✔ (7)
38%
Stany USAUtahU✔ (1)
33%
Stany USANebraska|Nevada|New Hampshire|
New Jersey|
New Mexico|
Nowy York|
North Carolina|
North Dakota|
N✔ (8)
33%
Prezydenci USAJackson, Andrew |
Jefferson,
Thomas | Johnson, Andrew |
Johnson, Lyndon B.
J✔ (4)
29%
Prezydenci USATaft, William H. | Taylor, Zachary |
Truman, Harry S. | Trump, Donald J. |
Tyler, John (1841-1845)
T✔ (5)
29%
PierwiastkiPalad|Potas|Prazeodym|Promet|
Protaktyn|Pluton
P✔ (6)
29%
StoliceUłan BatorU✔ (1)
25%
Prezydenci USAKennedy, John F.K✔ (1)
21%
Stany USAKansas|KentuckyK✔ (2)
21%
PierwiastkiNeon|Niob|Neodym|Neptun|NobelN✔ (5)
21%
Stany USAPennsylvaniaP✔ (1)
13%
Prezydenci USANixon, RichardN✔ (1)
13%
Prezydenci USAEisenhower, Dwight D.E✔ (1)
13%
PierwiastkiEuropE✔ (1)
4%
Prezydenci USAPierce, Franklin | Polk, James K.P✔ (2)
4%

Rozkład punktacji

Percentyl według liczby udzielonych odpowiedzi

Procent ludzi z każdym wynikiem

Twoja historia wyników

Nie rozwiązałeś tego quizu